000 00575nam a2200193Ia 4500
008 240729s9999 xx 000 0 und d
022 _a2688-1594
245 0 _aElectronic Research Archive
260 _aUnited States
260 _bAIMS Press
650 _a Applied mathematics. Quantitative methods
650 _a Industrial engineering. Management engineering
650 _a Mathematics | Technology
650 _a Technology (General)
650 _aScience
856 _uhttps://doaj.org/toc/2122d1c44b954d38856e33e333953b32
942 _2ddc
942 _cDOAJEJ
999 _c72883
_d72883
945 _a1
_bMadushi Gamage
_c1
_dMadushi Gamage